000 00651nam a22002057a 4500
003 0
005 20241009153521.0
008 241009b xxu||||| |||| 00| 0 eng d
020 _a9781989365854
050 _aPZ 7
_b.R327 2022
100 _aReekles, Beth,
_eauthor.
245 _aLockdown on London Lane /
_cBeth Reekles.
250 _a1st ed.
260 _aToronto, ON :
_bWattpad Books,
_c2022.
300 _a304 p. ;
_c21 cm.
500 _a"From the Internationally Bestselling Author of The Kissing Booth" -- Cover.
650 _aMan-woman relationships
_vFiction.
650 _aQuarantaine Romans, nouvelles, etc
_vFiction.
942 _2lcc
_cBK
999 _c366476
_d366476